Urban modelling (Record no. 74210)
[ view plain ]
| 000 -LEADER | |
|---|---|
| fixed length control field | 00460nam a2200169Ia 4500 |
| 001 - CONTROL NUMBER | |
| control field | 68178 |
| 008 - FIXED-LENGTH DATA ELEMENTS--GENERAL INFORMATION | |
| fixed length control field | 150819s9999 xx 000 0 und d |
| 020 ## - INTERNATIONAL STANDARD BOOK NUMBER | |
| International Standard Book Number | 9780521134361 |
| 040 ## - CATALOGING SOURCE | |
| Transcribing agency | PK-LaUMT |
| 082 ## - DEWEY DECIMAL CLASSIFICATION NUMBER | |
| Classification number | 711.40724 |
| Item number | BAT-U |
| 100 ## - MAIN ENTRY--PERSONAL NAME | |
| Personal name | Batty, Michael |
| 245 ## - TITLE STATEMENT | |
| Title | Urban modelling |
| Remainder of title | algorithms, calibration, predictions |
| Statement of responsibility, etc | Batty, Michael |
| 260 ## - PUBLICATION, DISTRIBUTION, ETC. (IMPRINT) | |
| Place of publication, distribution, etc | Cambridge, USA: |
| Name of publisher, distributor, etc | Cambridge University Press, |
| Date of publication, distribution, etc | 1976 |
| 300 ## - PHYSICAL DESCRIPTION | |
| Extent | 381 p. |
| 546 ## - LANGUAGE NOTE | |
| Language note | EN |
| 942 ## - ADDED ENTRY ELEMENTS (KOHA) | |
| Koha item type | Books |
| Withdrawn status | Lost status | Damaged status | Not for loan | Home library | Current library | Date acquired | Total Checkouts | Full call number | Barcode | Date last seen | Date checked out | Price effective from | Koha item type |
|---|---|---|---|---|---|---|---|---|---|---|---|---|---|
| UMT Main Campus | UMT Main Campus | 2015-08-19 | 3 | 711.40724 BAT-U | 93499 | 2018-09-19 | 2018-09-17 | 2015-08-19 | Books |
